LEADER 05019 am 22009013u 450 001 996210305503316 005 20221206180502.0 010 $a90-04-25350-5 024 7 $a10.1163/9789004253506 035 $a(CKB)2670000000147679 035 $a(EBL)1342555 035 $a(SSID)ssj0000630236 035 $a(PQKBManifestationID)11380243 035 $a(PQKBTitleCode)TC0000630236 035 $a(PQKBWorkID)10744779 035 $a(PQKB)10951844 035 $a(MiAaPQ)EBC1342555 035 $z(OCoLC)808385857 035 $a(nllekb)BRILL9789004253506 035 $a(oapen)https://directory.doabooks.org/handle/20.500.12854/32896 035 $a(PPN)17454300X 035 $a(EXLCZ)992670000000147679 100 $a20130921d2012 uy 0 101 0 $aeng 135 $aurmn#---uuuuu 181 $ctxt$2rdacontent 182 $cc$2rdamedia 183 $acr$2rdacarrier 200 10$aLords of the land, lords of the sea $econflict and adaptation in early colonial Timor, 1600-1800 /$fHans Ha?gerdal 210 $aLeiden - Boston$cBrill$d2012 210 1$aLeiden :$cKITLV Press,$d2012 210 4$dc2012. 215 $a1 online resource (495 pages) $cillustrations; digital, PDF file(s) 225 1 $aVerhandelingen van het Koninklijk Instituut voor Taal-, Land- en Volkenkunde ;$v273 300 $aDescription based upon print version of record. 311 08$aPrint version: 9789067183789 320 $aIncludes bibliographical references (pages 433-461) and index. 327 $aPreliminary Material -- 1: Timor and historical research -- 2: The first contacts -- 3: Traditional forms of power -- 4: Establishments and clashes, 1641-1658 -- 5: The Topass phase, 1650s-1702 -- 6: Kupang and the five loyal allies, 1658-1700s -- 7: Life and death in Kupang -- 8: The Estado strikes back, 1696-1732 -- 9: The Company on the move, 1732-1761 -- 10: Colonial retreat and maintenance -- Appendix 1 -- Appendix 2 -- Appendix 3 -- Glossary -- Bibliography -- Index. 330 $aEuropean traders and soldiers established a foothold on Timor in the course of the seventeenth century, motivated by the quest for the commercially vital sandalwood and the intense competition between the Dutch and the Portuguese. Lords of the land, lords of the sea focuses on two centuries of contacts between the indigenous polities on Timor and the early colonials, and covers the period 1600-1800. In contrast with most previous studies, the book treats Timor as a historical region in its own right, using a wide array of Dutch, Portuguese and other original sources, which are compared with the comprehensive corpus of oral tradition recorded on the island. From this rich material, a lively picture emerges of life and death in early Timorese society, the forms of trade, slavery, warfare, alliances, social life, and so forth. The investigation demonstrates that the European groups, although having a role as ordering political forces, were only part of the political landscape of Timor. They relied on alliances where the distinction between ally and vassal was moot, and led to frequent conflicts and uprisings. During a slow and complicated process, the often turbulent political conditions involving Europeans, Eurasians, and Timorese polities, paved the way for the later division of Timor into two spheres of roughly equal size. Hans Hägerdal (1960) is a Senior Lecturer in History at the Linnaeus University, Sweden. He has written extensively on East and Southeast Asian history. Among his publications is Hindu rulers, Muslim subjects: Lombok and Bali in the seventeenth and eighteenth centuries (2001). 410 0$aVerhandelingen van het Koninklijk Instituut voor Taal-, Land- en Volkenkunde$v273. 606 $aSocial conflict$zTimor Island$xHistory 606 $aColonization$2fast 606 $aPolitics and government$2fast 606 $aSocial conflict$2fast 607 $aTimor Island$xColonization 607 $aTimor Island$xHistory$y17th century 607 $aTimor Island$xHistory$y18th century 607 $aTimor Island$xPolitics and government 607 $aAsia$zTimor Island$2fast 608 $aHistory.$2fast 610 $aeconomic history 610 $acolonial politics 610 $atimor 610 $acolonial history 610 $apolitical history 610 $aindonesia 610 $asocial history 610 $aDutch East India Company 610 $aKupang 610 $aLifau 610 $aNetherlands 610 $aPortuguese people 610 $aSonbai 610 $aTopasses 615 0$aSocial conflict$xHistory. 615 7$aColonization. 615 7$aPolitics and government. 615 7$aSocial conflict. 676 $a959.8/6 676 $a959.86 700 $aHa?gerdal$b Hans$0801298 801 0$bNL-LeKB 801 1$bNL-LeKB 801 2$bUkMaJRU 906 $aBOOK 912 $a996210305503316 996 $aLords of the land, lords of the sea$92029359 997 $aUNISA LEADER 07276nam 22005775 450 001 9910502987903321 005 20251113205138.0 010 $a981-16-2450-X 024 7 $a10.1007/978-981-16-2450-6 035 $a(CKB)4100000012037951 035 $a(MiAaPQ)EBC6737966 035 $a(Au-PeEL)EBL6737966 035 $a(OCoLC)1272990919 035 $a(PPN)258054565 035 $a(DE-He213)978-981-16-2450-6 035 $a(EXLCZ)994100000012037951 100 $a20210929d2021 u| 0 101 0 $aeng 135 $aurcnu|||||||| 181 $ctxt$2rdacontent 182 $cc$2rdamedia 183 $acr$2rdacarrier 200 10$aAnalysis of Infectious Disease Problems (Covid-19) and Their Global Impact /$fedited by Praveen Agarwal, Juan J. Nieto, Michael Ruzhansky, Delfim F. M. Torres 205 $a1st ed. 2021. 210 1$aSingapore :$cSpringer Nature Singapore :$cImprint: Springer,$d2021. 215 $a1 online resource (635 pages) 225 1 $aInfosys Science Foundation Series in Mathematical Sciences,$x2364-4044 311 08$a981-16-2449-6 320 $aIncludes bibliographical references. 327 $aPART-1 GENERAL ANALYSIS: Arni S.R. Srinivasa Rao and Steven G. Krantz:Mathematical Models for Understanding Social Distancing Measures: General Setting and Analysis -- A. Lamrani Alaoui, M. Tilioua, M. R. Sidi and P. Agarwal: Dynamical Analysis of a Caputo Fractional Order SIR Epidemic Model with General Treatment Function -- Zalimkhan Nagoev, Viktor Narozhnov, Arsen Pskhu, and Sergo Rekhviashvili: Protective Face Shield Effectiveness: Mathematical Modelling -- Jonathan Blackledge: The Biodynamics Hypothesis and its Applications for the Mathematical Modelling of Biological Growth and the Analysis of Infectious Diseases -- Saratha Sathasivam, Teoh Poh Lin and Woon Le Yu: Modelling the Dynamics of Fake News Spreading Transmission During COVID-19 Through Social Media -- Renaud Di Francesco: Agent Based Model for COVID-19 Active Propagation Through Interaction: Use Cases of Elderly Care Homes, Households in Lockdown and Large Events -- Emmanuel Afolabi Bakare: Analysis of Optimal Control AgainstAge-Structured Hepatitis-B Virus Model -- Daniele Ritelli: Generalized Logistic Equations in COVID Epidemic Models -- Mohd Aman and Bushra Miftah:Impact on the Transition of Shared Mobility in Metro Cities in India: A Challenge Post-Lockdown of COVID-19 -- Abdelmajid Belafhal, S. Chib and Talha Usman: Analysis of COVID-19 Virus Spreading Statistics by the Use of a New Modified Weibull Distribution -- Redouane Qesmi and Aayah Hammoumi: From Finite to Infinite Dimensional Epidemic Models for COVID-19: Lockdown and Lifting Control Measures -- Malú Grave, Rodrigo Bird Burgos, Lisandro Lovisolo and Americo Cunha Jr: Data-Driven Graphical Analysis of Epidemic Trends -- Hoang Anh Ngo, Thai Nam Hoang and Mehmet Dik: Introduction to the Grey Systems Theory and Its Application in Mathematical Modelling and Pandemic Prediction of COVID-19 -- Mohammad Ali Akour and Shikhar Kumar Sarma: Developing an Intelligent Health Report Generating System -- Nasser Al-Salti, Ibrahim M. ELmojtaba, Maryam AlYahyai, Jaqueline Mesquita and Dayse Pastore: Recent Developments in the Mathematical Modelling and Analysis of Infectious Disease Problems (COVID-19) -- Americo Cunha Jr, Adriano Cortês, Roberto Velho and Rebecca E. Morrison: Uncertainty Quantification in Epidemiological Compartmental Models -- Jorge Fernando Camacho and Cruz Vargas-De-León: Conserved Quantities in Epidemic Systems for the Spread of the Coronavirus Disease -- Rashmi Bhardwaj and Debabrata Datta: Development of Epidemiological Modeling RD_COVID-19 of Coronavirus Infectious Disease and its Numerical Simulation -- Anka Trajkovska Petkoska and Anita Trajkovska: Mediterranean Diet for Boosting Immunity -- Jochen Merker: Rate-Dependent Tipping Phenomena in Compartment Models of Epidemics -- Olumuyiwa James Peter, Tolulope Latunde and Adejimi Adesola Adeniji: Mathematical Modelling and Analysis for Prediction of COVID-19 Transmission and Control -- Alexander Kreinin, Oleksandr Romanko, Rafael Mendoza, Hamed Rasouli, and Curt Burmeister: Analysis of Impact of COVID-19 Pandemic on Financial Markets -- Ferenc A. Bartha, Ferenc A. Bartha, Janos Karsai, Gergely Rost and Tamas Tekeli: The Effects of Symptom-based Testing -- Altaf H. Khan: Challenges in Modeling of an Outbreak?s Prediction, Forecasting and Decision Making for Policy Makers -- PART-2 COUNTRY-SPECIFIC ANALYSIS: Iván Area, Juan J. Nieto, Cristiana J. Silva and Delfim F. M. Torres: Optimal Control of COVID-19: A Case Study in Portugal -- Ludmila Kirianova, Temirkhan Aleroev and Vladimir Griguletskiy: The Fractional Diffusion Equation as a Mathematical Model of Morbidity and Mortality Rates in the Russian Federation -- Juan E. Santos, Jose M. Carcione, Gabriela B. Savioli and Patricia M. Gauzellino: An SEIR Epidemic Model of Fractional Order to Analyze the Evolution of the COVID-19 Epidemic in Argentina -- Su Yean Teh and Hock Lye Koh: Modeling Effectiveness of Partial Lockdown in Breaking COVID-19 Transmission Chain in Malaysia -- G. Bhuju, G. R. Phaijoo and D. B. Gurung: Mathematical Analysis of COVID-19 in Nepal -- Subhas Khajanchi, Kankan Sarkar and Sandip Banerjee: Transmission Dynamics of the COVID-19 Outbreak and Implementation of Intervention Strategies in India -- Alya Saif Al Shehhia, Abdessamad Tridanea, Sabir Bin Muzaffarb and Gulfaraz Khan: Systematic Review of the Mathematical Modeling of Coronaviruses in the Middle East -- Hasan Soyler: Dynamic Simulation and Scenario Analysis of Spreading COVID-19 Pandemic in Turkey. 330 $aThis edited volume is a collection of selected research articles discussing the analysis of infectious diseases by using mathematical modelling in recent times. Divided into two parts, the book gives a general and country-wise analysis of Covid-19. Analytical and numerical techniques for virus models are presented along with the application of mathematical modelling in the analysis of their spreading rates and treatments. The book also includes applications of fractional differential equations as well as ordinary, partial and integrodifferential equations with optimization methods. Probability distribution and their bio-mathematical applications have also been studied. This book is a valuable resource for researchers, scholars, biomathematicians and medical experts. 410 0$aInfosys Science Foundation Series in Mathematical Sciences,$x2364-4044 606 $aMathematical models 606 $aMedicine, Preventive 606 $aHealth promotion 606 $aMathematical Modeling and Industrial Mathematics 606 $aHealth Promotion and Disease Prevention 615 0$aMathematical models. 615 0$aMedicine, Preventive. 615 0$aHealth promotion. 615 14$aMathematical Modeling and Industrial Mathematics. 615 24$aHealth Promotion and Disease Prevention. 676 $a616.241400285 702 $aAgarwal$b Praveen 801 0$bMiAaPQ 801 1$bMiAaPQ 801 2$bMiAaPQ 906 $aBOOK 912 $a9910502987903321 996 $aAnalysis of infectious disease problems (Covid-19) and their global impact$92890500 997 $aUNINA